عرض عادي عرض مارك
  • الرفاعي ، غالب عوض

مدخل إسم شخص

عدد التسجيلات المستخدمة في: 7

001 - رقم الضبط

  • حقل الضبط: 9670

003 - معرف رقم الضبط

  • حقل الضبط: OSt

005 - تاريخ ووقت أخر عملية

  • حقل الضبط: 20120226021209.0

008 - عناصر بيانات ثابتة الطول

  • حقل تحكم ثابت الطول: 120226|||a|||||| | ||| d

040 ## - مصدر الفهرسة

  • هيئة الفهرسة الأصلية: OSt
  • وكالة الكتابة: OSt

100 ## - مدخل -- أسم شخص

  • إسم شخص: الرفاعي ، غالب عوض

670 ## - بيانات المصدر موجوده

  • الاستشهاد بالمصدر: Work cat.: (OSt): الرفاعي ، غالب عوض, المحاسبة المالية :, 200-؟